Photography, 1839-1937 /

Bibliographic Details
Corporate Author: Museum of Modern Art (New York, N.Y.)
Other Authors: Newhall, Beaumont, 1908-1993
Format: Book
Language:English
Published: New York : The Museum of Modern Art, [1937]
Subjects:

MARC

Tag First Indicator Second Indicator Subfields
LEADER 00000cam a2200000 4500
001 in00000094804
005 20150927110545.0
008 741007s1937 engmu
010 |a  37011819  
035 |a (OCoLC)01033232 
035 |9 AAL6678AM 
040 |c SNN  |d TXA  |d UtOrBLW 
049 |a TXAM  |c [67696] 
050 0 0 |a TR6  |b .N55 1937 
110 2 |a Museum of Modern Art (New York, N.Y.) 
245 1 0 |a Photography, 1839-1937 /  |c With an introduction by Beaumont Newhall. 
264 1 |a New York :  |b The Museum of Modern Art,  |c [1937] 
300 |a  131p., 95p. of illustrations ;  |c 26cm. 
336 |a text  |b txt  |2 rdacontent 
337 |a unmediated  |b n  |2 rdamedia 
338 |a volume  |b nc  |2 rdacarrier 
500 |a "Catalog of the exhibition": pages 97-127. 
504 |a Bibliography: pages 91-95. 
650 0 |a Photography  |x Exhibitions. 
650 0 |a Photography  |x History. 
700 1 |a Newhall, Beaumont,  |d 1908-1993. 
999 |a MARS 
999 f f |s d54e2490-6acc-3fd3-a5a0-3432da6a7833  |i 0eb6fb81-f4b1-3f60-b8ec-3c269ba86ba1  |t 0 
952 f f |p ric  |a Texas A&M University  |b Rellis Campus  |c Joint Library Facility  |d Remote Storage  |t 0  |e TR6 .N55 1937  |h Library of Congress classification  |i unmediated -- volume  |m A14805621573 
998 f f |a TR6 .N55 1937  |t 0  |l Remote Storage